| 000 | 00944nam a22002537a 4500 | ||
|---|---|---|---|
| 005 | 20170124110003.0 | ||
| 010 | _aA-459238 | ||
| 020 |
_c185.00 _a8185470049 |
||
| 035 | _aA-459238 | ||
| 037 | _bCen Lib/Ret | ||
| 040 |
_aDPL _bEN |
||
| 082 |
_a346.016 _bACH |
||
| 100 |
_aAchar, M. R. _916314 |
||
| 245 |
_aDowry prohibition act & rules : _cby M.R. Achar [and] T. Venkanna's _bcentral & states ; with the amendments and a chapter on dowry death, cruelty tto married women and relevant sections of code of criminal procedure, indian penal code and evidence act / |
||
| 250 | _a3rd ed | ||
| 260 |
_aAllahabad _bThe Law Book Company (p) Ltd. _c1990 |
||
| 270 |
_aSardar Patel Marg, Post Box No.1-004 _bAllahabad _e211001 |
||
| 300 |
_axxx,351p. _b21cm(Hb) |
||
| 500 | _aIncludes index | ||
| 650 |
_aPrivate Law _916315 |
||
| 650 |
_aDowry _915656 |
||
| 700 |
_aVenkanna's T _916316 |
||
| 942 |
_2ddc _cEN _h346.016 _kACH |
||
| 999 |
_c126017 _d126017 |
||